Pakistan; castle with a thousand doors, 2 ed (Record no. 331177)
[ view plain ]
| 000 -LEADER | |
|---|---|
| fixed length control field | 00543 a2200157 4500 |
| 001 - CONTROL NUMBER | |
| control field | 86282 |
| 003 - CONTROL NUMBER IDENTIFIER | |
| control field | NUST |
| 005 - DATE AND TIME OF LATEST TRANSACTION | |
| control field | 20170921104115.0 |
| 008 - FIXED-LENGTH DATA ELEMENTS--GENERAL INFORMATION | |
| fixed length control field | 170921b xxu||||| |||| 00| 0 eng d |
| 020 ## - INTERNATIONAL STANDARD BOOK NUMBER | |
| International Standard Book Number | 9789812328625 |
| 040 ## - CATALOGING SOURCE | |
| Transcribing agency | NUST |
| 082 ## - DEWEY DECIMAL CLASSIFICATION NUMBER | |
| Classification number | 954.91 |
| Author Mark | SHE |
| 110 ## - MAIN ENTRY--CORPORATE NAME | |
| Corporate name or jurisdiction name as entry element | Sheehan, Sean; Shahrezad Samiuddin |
| 9 (RLIN) | 4735 |
| 245 ## - TITLE STATEMENT | |
| Title | Pakistan; castle with a thousand doors, 2 ed |
| Remainder of title | cultures of the world |
| Statement of responsibility, etc. | Sean Sheehan |
| 250 ## - EDITION STATEMENT | |
| Edition statement | 2 |
| 260 ## - PUBLICATION, DISTRIBUTION, ETC. | |
| Place of publication, distribution, etc. | singapore |
| Name of publisher, distributor, etc. | times book |
| Date of publication, distribution, etc. | 2004 |
| 300 ## - PHYSICAL DESCRIPTION | |
| Extent | 144 p. |
| 942 ## - ADDED ENTRY ELEMENTS (KOHA) | |
| Source of classification or shelving scheme | |
| Koha item type | Book |
| Withdrawn status | Lost status | Source of classification or shelving scheme | Damaged status | Not for loan | Collection code | Permanent Location | Current Location | Shelving location | Date acquired | Full call number | Barcode | Date last seen | Copy number | Price effective from | Koha item type |
|---|---|---|---|---|---|---|---|---|---|---|---|---|---|---|---|
| Central Library (CL) | Central Library (CL) | Book Cart | 09/21/2017 | 954.91 SHE | CL2348 | 09/21/2017 | 1 | 09/21/2017 | Reference |
